000 00292nam a2200109Ia 4500
008 220204s9999 xx 000 0 und d
082 _a338.26
_bSIX;2
245 0 _aSixth five year plan 1980-85
260 _aNew Delhi
_bPlanning Commission
_c1980
650 _aSixth five year plan
942 _cBK
999 _c37991
_d37991